[Event "Women's Speed Chess Q4"]
[Site "chess.com INT"]
[Date "2020.06.21"]
[Round "2"]
[White "Shvedova, Alexandra"]
[Black "Antolak, Julia"]
[Result "0-1"]
[WhiteTitle "WFM"]
[BlackTitle "WIM"]
[WhiteElo "1994"]
[BlackElo "2323"]
[WhiteFideId "54154782"]
[BlackFideId "1159569"]
[EventDate "2020.06.21"]

1. e4 c5 2. Nf3 e6 3. d4 cxd4 4. Nxd4 Nf6 5. Nc3 d6 6. g4 h6 7. h3 Nbd7 8. f4
Nc5 9. Bg2 e5 10. Nde2 Be7 11. Be3 exf4 12. Nxf4 Ne6 13. Nfd5 Nxd5 14. Nxd5 Bh4+
15. Bf2 Bxf2+ 16. Kxf2 O-O 17. Rf1 Nc5 18. Kg1 Be6 19. Qd4 Bxd5 20. exd5 Nd7 21.
Rae1 Ne5 22. c4 Rc8 23. b3 a6 24. Kh1 b5 25. c5 Re8 26. c6 Qa5 27. Qf4 Qxa2 28.
Rxe5 Rxe5 29. Qxf7+ Kh8 30. Qd7 Ree8 31. Qxd6 Qxb3 32. Qg6 Qg3 33. Qf5 b4 34. d6
Qxd6 35. Be4 g6 36. Qxg6 Qxg6 37. Bxg6 Re7 38. Rc1 a5 39. Kg2 a4 40. Bf5 Rcc7
41. Rc4 Re2+ 42. Kf3 Rb2 43. Be4 a3 44. Rd4 a2 45. Rd8+ Kg7 46. Rd7+ Rxd7 47.
cxd7 Rd2 0-1

[Event "Women's Speed Chess Q4"]
[Site "chess.com INT"]
[Date "2020.06.21"]
[Round "2"]
[White "Zawadzka, Jolanta"]
[Black "Sowa, Wiktoria"]
[Result "1-0"]
[WhiteTitle "WGM"]
[BlackTitle "WFM"]
[WhiteElo "2419"]
[BlackElo "2093"]
[WhiteFideId "1122320"]
[BlackFideId "21836701"]
[EventDate "2020.06.21"]

1. e4 Nf6 2. e5 Nd5 3. d4 d6 4. c4 Nb6 5. exd6 cxd6 6. Nc3 g6 7. Be3 Bg7 8. h4
h5 9. Be2 O-O 10. b3 Nc6 11. Rc1 Bf5 12. Bf3 Rc8 13. a3 e5 14. dxe5 dxe5 15.
Nge2 Qe7 16. Nd5 Nxd5 17. Bxd5 Nd4 18. O-O Qxh4 19. g3 Nxe2+ 20. Qxe2 Qe7 21. b4
Rfe8 22. Bxa7 e4 23. Be3 Bg4 24. Qd2 Bf3 25. Kh2 h4 26. Bg5 hxg3+ 27. fxg3 Bf6
28. Bf4 g5 29. Be3 Kg7 30. Kg1 Rh8 31. Rxf3 exf3 32. Bxf3 Rcd8 33. Qf2 Rd3 34.
Bb6 Qd7 35. Rf1 Rd2 36. Be2 Rh6 37. Be3 Qh3 38. Qg2 Qe6 39. Rf3 Rd6 40. Kf2 Bd4
41. Bxd4+ Rxd4 42. Re3 Qf6+ 43. Ke1 Rh8 44. Rf3 Qe6 45. Qf2 Rhd8 46. Qe3 Qg6 47.
Kf2 Rd2 48. Qc3+ f6 49. Re3 Qf5+ 50. Kg2 R8d7 51. c5 g4 52. Kg1 Rd1+ 53. Bxd1
Rxd1+ 54. Re1 1-0

[Event "Women's Speed Chess Q4"]
[Site "chess.com INT"]
[Date "2020.06.21"]
[Round "2"]
[White "Kashlinskaya, Alina"]
[Black "Eswaran, Ashritha"]
[Result "1/2-1/2"]
[WhiteTitle "IM"]
[BlackTitle "WIM"]
[WhiteElo "2494"]
[BlackElo "2244"]
[WhiteFideId "4198026"]
[BlackFideId "2080788"]
[EventDate "2020.06.21"]

1. d4 Nf6 2. c4 e6 3. Nf3 c5 4. d5 exd5 5. cxd5 d6 6. Nc3 g6 7. e4 a6 8. a4 Bg4
9. Be2 Bxf3 10. Bxf3 Bg7 11. O-O O-O 12. Bf4 Qe7 13. h3 Nbd7 14. Re1 Ne5 15. Be2
Nfd7 16. Qd2 Rac8 17. b3 f5 18. Bf1 Qf6 19. exf5 gxf5 20. Rac1 Qg6 21. Qe3 Rce8
22. Qg3 Qxg3 23. fxg3 Rf7 24. Be2 Nf6 25. Bf1 Rfe7 26. Kh1 Nh5 27. Re2 Nxf4 28.
gxf4 Ng6 29. Rxe7 Rxe7 30. Ne2 Re3 31. g4 Ne7 32. Rd1 Rxb3 33. Kg2 Kf7 34. Ng3
fxg4 35. hxg4 b5 36. axb5 axb5 37. Ne4 Ng6 38. Nxd6+ Kf8 39. Nxb5 Nxf4+ 40. Kf2
Bf6 41. d6 Bh4+ 42. Kg1 Rg3+ 43. Kh2 Rxg4 44. d7 Bd8 45. Nd6 Rh4+ 46. Kg3 h5 47.
Nf5 Rg4+ 48. Kf3 Ne6 49. Ne3 Rf4+ 50. Kg2 h4 51. Bc4 Nc7 52. Nd5 Rxc4 53. Nxc7
Bxc7 54. d8=Q+ Bxd8 55. Rxd8+ Ke7 56. Rc8 Kd7 57. Rh8 Re4 58. Rh6 Re6 59. Rxh4
Kd6 60. Kf3 Kd5 61. Rh2 c4 62. Re2 Rxe2 63. Kxe2 Ke4 64. Kd2 Kd4 65. Kc2 c3 66.
Kc1 Kd3 67. Kd1 Kd4 68. Kc2 Kc4 69. Kc1 Kb3 70. Kb1 c2+ 71. Kc1 Kc3 1/2-1/2

[Event "Women's Speed Chess Q4"]
[Site "chess.com INT"]
[Date "2020.06.21"]
[Round "2"]
[White "Yakimova, Mariya"]
[Black "Maltsevskaya, Aleksandra"]
[Result "1-0"]
[WhiteTitle "WFM"]
[BlackTitle "WGM"]
[WhiteElo "2269"]
[BlackElo "2272"]
[WhiteFideId "34188859"]
[BlackFideId "24174041"]
[EventDate "2020.06.21"]

1. d4 Nf6 2. c4 g6 3. Nf3 Bg7 4. g3 O-O 5. Bg2 d6 6. O-O Nbd7 7. Nc3 e5 8. dxe5
dxe5 9. Qc2 h6 10. Rd1 Qe7 11. e4 c6 12. Rb1 a5 13. a3 Nc5 14. b4 axb4 15. axb4
Na6 16. Qb3 Bg4 17. h3 Bxf3 18. Bxf3 Rfd8 19. Be3 Rxd1+ 20. Bxd1 Nc7 21. b5 Ne6
22. bxc6 bxc6 23. Bf3 Nd4 24. Bxd4 exd4 25. Ne2 Nd7 26. Qb7 Rb8 27. Qxb8+ Nxb8
28. Rxb8+ Kh7 29. Nf4 Qa3 30. Kg2 Qa2 31. c5 g5 32. Nd3 Qc2 33. Nb4 Qxc5 34. e5
Bxe5 35. Rb7 Kg8 36. Nxc6 Bd6 37. Nd8 Be7 38. Nc6 Bf6 39. Rd7 Qf5 40. Rd5 Qd3
41. Rd6 Kg7 42. Rd7 Qc3 43. Bd5 d3 44. Rxf7+ Kh8 45. Rd7 d2 46. Bf3 h5 47. g4 h4
48. Nd8 Qb4 49. Nf7+ Kg8 50. Nd6 Qf4 51. Bd5+ Kh8 52. Nf7+ Kg7 53. Ne5+ Kf8 54.
Rf7+ Ke8 55. Nc6 1-0

[Event "Women's Speed Chess Q4"]
[Site "chess.com INT"]
[Date "2020.06.21"]
[Round "2"]
[White "Hejazipour, Mitra"]
[Black "Tarini, Goyal"]
[Result "1/2-1/2"]
[WhiteTitle "WGM"]
[BlackTitle "WFM"]
[WhiteElo "2300"]
[BlackElo "2164"]
[WhiteFideId "12505951"]
[BlackFideId "5082749"]
[EventDate "2020.06.21"]

1. Nf3 d5 2. d4 Nf6 3. c4 e6 4. Nc3 Be7 5. Bg5 h6 6. Bh4 O-O 7. e3 b6 8. Rc1 Bb7
9. cxd5 Nxd5 10. Bxe7 Qxe7 11. Nxd5 Bxd5 12. a3 c5 13. dxc5 bxc5 14. Bd3 Nd7 15.
O-O Nb6 16. e4 Bb7 17. Qe2 Rac8 18. Nd2 Rfd8 19. Rfd1 Rc7 20. Bb5 Rd4 21. f3 Rc8
22. Nb3 Rxd1+ 23. Rxd1 c4 24. Na5 Ba8 25. Qe3 Qc5 26. Rd8+ Kh7 27. Qxc5 Rxc5 28.
Nxc4 Rxb5 29. Nxb6 axb6 30. Rxa8 Rxb2 31. Ra7 Kg6 32. h3 Kf6 33. Kh2 g5 34. Kg3
h5 35. e5+ Kg6 36. Ra8 h4+ 37. Kh2 Ra2 38. Ra7 b5 39. Ra5 Kf5 40. Rxb5 Rxa3 41.
Rb7 Kg6 42. Rb5 Re3 43. Rc5 Re2 44. Rb5 Kf5 45. Kg1 Rxe5 46. Rb7 Kg6 47. Kf2 Ra5
48. Rb2 Ra3 49. Rc2 f5 50. Rb2 Kf6 51. Re2 Rb3 52. Rc2 Ke5 53. Re2+ Kf6 54. Rd2
e5 55. Rd6+ Kf7 56. Ra6 Rd3 57. Ra7+ Ke6 58. Ra6+ Rd6 59. Ra5 Kf6 60. Rb5 Rc6
61. Ra5 e4 62. fxe4 fxe4 63. Ke3 Re6 64. Rb5 Kg6 65. Ra5 Kf6 66. Rb5 Re7 67. Ra5
Re5 68. Ra6+ Kf5 69. Ra8 Ke6 70. Re8+ Kd5 71. Rd8+ Ke6 72. Re8+ Kd5 73. Rd8+ Ke6
74. Re8+ 1/2-1/2

[Event "Women's Speed Chess Q4"]
[Site "chess.com INT"]
[Date "2020.06.21"]
[Round "2"]
[White "Vaishali, R"]
[Black "Gevorgyan, Maria"]
[Result "1-0"]
[WhiteTitle "WGM"]
[BlackTitle "WGM"]
[WhiteElo "2393"]
[BlackElo "2228"]
[WhiteFideId "5091756"]
[BlackFideId "13300270"]
[EventDate "2020.06.21"]

1. Nf3 c5 2. e4 Nc6 3. d4 cxd4 4. Nxd4 g6 5. c4 Nf6 6. Nc3 Nxd4 7. Qxd4 d6 8.
Be2 Bg7 9. Be3 O-O 10. Qd2 a5 11. f3 a4 12. Rc1 Qa5 13. Nb5 Bd7 14. Qxa5 Rxa5
15. Kf2 Rc8 16. Rhd1 Ne8 17. Nd4 Rac5 18. b4 axb3 19. axb3 Ra5 20. Rd2 Rca8 21.
Nb5 Rc8 22. Rdc2 h5 23. h4 Kh7 24. g3 Rca8 25. b4 Ra4 26. Rb1 Ra2 27. Rbc1 R8a4
28. Bd2 Bxb5 29. cxb5 Bd4+ 30. Kg2 Bb6 31. Bc4 Rxc2 32. Rxc2 e6 33. Ra2 Rxa2 34.
Bxa2 Nc7 35. Bc4 d5 36. Bd3 Kg7 37. f4 dxe4 38. Bxe4 Nd5 39. Kf3 Kf6 40. Be1 Ke7
41. Ke2 Kd6 42. Kd3 e5 43. fxe5+ Kxe5 44. Bf3 Bc7 45. Kc4 Ne3+ 46. Kd3 Nf5 47.
Bxb7 Ke6 48. Bc8+ Kf6 49. Bxf5 Kxf5 50. Kd4 Kg4 51. Kd5 Bb6 52. Kc6 Be3 53. b6
f5 54. b7 Ba7 55. Kc7 g5 56. hxg5 Kxg5 57. b8=Q Bxb8+ 58. Kxb8 Kg4 59. b5 Kf3
60. b6 Ke2 61. Bb4 f4 62. gxf4 h4 63. f5 h3 64. Bd6 1-0

[Event "Women's Speed Chess Q4"]
[Site "chess.com INT"]
[Date "2020.06.21"]
[Round "2"]
[White "Bulmaga, Irina"]
[Black "Schut, Lisa"]
[Result "1-0"]
[WhiteTitle "IM"]
[BlackTitle "WIM"]
[WhiteElo "2440"]
[BlackElo "2259"]
[WhiteFideId "13903063"]
[BlackFideId "1019481"]
[EventDate "2020.06.21"]

1. e4 c5 2. Nf3 d6 3. d4 cxd4 4. Nxd4 Nf6 5. Nc3 a6 6. h3 e6 7. Be3 d5 8. e5
Nfd7 9. Bf4 Nc6 10. Nxc6 bxc6 11. Bd3 Rb8 12. Rb1 Nc5 13. O-O Nxd3 14. Qxd3 Be7
15. a3 c5 16. Ne2 O-O 17. c3 Bd7 18. Rfe1 Bb5 19. Qd2 Rb7 20. Ng3 Bc4 21. Nh5 g6
22. Ng3 Qb8 23. Bg5 Bxg5 24. Qxg5 Qd8 25. Qh6 f5 26. exf6 Qxf6 27. Qe3 Ba2 28.
Rbd1 Rxb2 29. Rd2 d4 30. cxd4 cxd4 31. Qd3 Bc4 32. Ne4 Qe5 33. Qxd4 Qxd4 34.
Rxd4 Bd5 35. f3 Ra2 36. a4 Kg7 37. Nc3 Ra3 38. Nxd5 exd5 39. Re7+ Rf7 40. Re5
Rd7 41. Re6 a5 42. Ra6 Ra2 43. Rxa5 Re7 44. Raxd5 Re1+ 45. Kh2 Ree2 46. Rg5 Kf6
47. h4 Reb2 48. a5 Ra3 49. Kh3 Rba2 50. Rd6+ Kg7 51. Rd7+ Kf6 52. Rxh7 Rxa5 53.
Rxa5 Rxa5 54. Rb7 Ra1 55. Kg4 Ra4+ 56. f4 Ra3 57. g3 Rc3 58. Rb6+ Kg7 59. Rb5
Rd3 60. h5 gxh5+ 61. Rxh5 Kf6 62. Rb5 Kf7 63. Rb6 Kg7 64. Kh4 Rd1 65. g4 Rh1+
66. Kg5 Rc1 67. f5 Rc5 68. Rb7+ Kf8 69. Kg6 Rc8 70. f6 Rd8 71. Rh7 Kg8 72. f7+
Kf8 73. Rh8+ Ke7 74. Rxd8 Kxd8 75. f8=Q+ 1-0

[Event "Women's Speed Chess Q4"]
[Site "chess.com INT"]
[Date "2020.06.21"]
[Round "2"]
[White "Andriasyan, Siranush"]
[Black "Vantika, Agrawal"]
[Result "0-1"]
[WhiteTitle "WIM"]
[BlackTitle "WIM"]
[WhiteElo "2298"]
[BlackElo "2286"]
[WhiteFideId "13301926"]
[BlackFideId "25050389"]
[EventDate "2020.06.21"]

1. e4 c5 2. Nf3 d6 3. d4 cxd4 4. Qxd4 Nc6 5. Bb5 Bd7 6. Bxc6 Bxc6 7. Nc3 Nf6 8.
Bg5 e6 9. O-O Be7 10. Rad1 h6 11. Bxf6 Bxf6 12. Qxd6 Qxd6 13. Rxd6 Bxc3 14. bxc3
Bxe4 15. Rb1 Rc8 16. Rd4 Bxf3 17. gxf3 b6 18. Rbd1 O-O 19. R1d3 Rc7 20. Rd7 Rfc8
21. Kg2 Kf8 22. Kg3 Ke8 23. Rxc7 Rxc7 24. h4 Ke7 25. f4 Rc5 26. c4 Rxc4 27. Ra3
a5 28. Rb3 Rxc2 29. Rxb6 Rxa2 30. Ra6 Kf6 31. Kg4 g6 32. Ra7 a4 33. f3 a3 34. h5
gxh5+ 35. Kxh5 Rh2+ 36. Kg4 a2 37. Kg3 Rb2 38. Kg4 Kg6 39. f5+ exf5+ 40. Kf4 h5
41. Ra6+ f6 42. Kg3 Kg5 43. f4+ Kg6 44. Ra4 Kf7 45. Ra6 Ke7 46. Kh4 Rh2+ 47. Kg3
Rc2 48. Kh4 Kf7 49. Kg3 Kg6 50. Kh3 Rb2 51. Kg3 Rd2 52. Kh3 Kf7 53. Kg3 Ke7 54.
Kh3 Kd7 55. Kg3 Kc7 56. Kh4 Kb7 57. Ra3 Kb6 58. Kxh5 Kb5 59. Kg6 Kb4 60. Ra8 Kb3
61. Kxf5 Rd4 62. Rxa2 Kxa2 0-1

[Event "Women's Speed Chess Q4"]
[Site "chess.com INT"]
[Date "2020.06.21"]
[Round "2"]
[White "Tsotsonava, Elene"]
[Black "Cholleti, Sahajasri"]
[Result "0-1"]
[WhiteTitle "WFM"]
[BlackTitle "WIM"]
[WhiteElo "2012"]
[BlackElo "2235"]
[WhiteFideId "13615939"]
[BlackFideId "5045118"]
[EventDate "2020.06.21"]

1. e4 c5 2. Nf3 d6 3. d4 cxd4 4. Nxd4 Nf6 5. Nc3 a6 6. Bg5 e6 7. f4 h6 8. Bh4
Qb6 9. a3 Be7 10. Bf2 Qc7 11. Qf3 Nbd7 12. O-O-O b5 13. g4 Bb7 14. f5 e5 15. Nb3
Rc8 16. Rg1 Nxe4 17. Qe2 Nxc3 18. bxc3 Qxc3 19. Rd3 Qc7 20. Bg2 Bxg2 21. Rxg2
Nb6 22. Bxb6 Qxb6 23. h4 Bxh4 24. Qe4 Bg5+ 25. Kb2 Qc6 26. Rd5 O-O 27. Qd3 Rfd8
28. Na5 Qc7 29. Nb3 Qc4 30. Qxc4 bxc4 31. Na5 Rd7 32. Kc3 Kf8 33. Re2 Bd8 34.
Nxc4 Rdc7 35. Re4 Be7 36. Kd3 Rc5 37. Nb6 Rxd5+ 38. Nxd5 Rb8 39. Ra4 Rb1 40.
Rxa6 Rd1+ 41. Kc4 Rd4+ 42. Kc3 Rxd5 43. Ra8+ Bd8 44. Rxd8+ Ke7 45. Rg8 e4 46.
Rb8 e3 47. Rb1 Ra5 48. Kd3 Rxa3+ 49. Ke4 Rc3 50. Re1 Rxc2 51. Rxe3 Kf6 52. Kf4
Rc4+ 53. Kf3 Kg5 54. Re7 Kf6 55. Rd7 Rd4 56. Rd8 Rd1 57. Kf4 d5 58. Rd6+ Ke7 59.
Ra6 d4 60. Ke5 Re1+ 61. Kd5 d3 62. Ra7+ Kf6 63. Kc4 d2 64. Ra6+ Kg5 65. Rd6 d1=Q 0-1

[Event "Women's Speed Chess Q4"]
[Site "chess.com INT"]
[Date "2020.06.21"]
[Round "2"]
[White "Sukandar, Irine Kharisma"]
[Black "Swati, Mohota"]
[Result "1-0"]
[WhiteTitle "IM"]
[BlackTitle "WFM"]
[WhiteElo "2413"]
[BlackElo "2027"]
[WhiteFideId "7101937"]
[BlackFideId "5006511"]
[EventDate "2020.06.21"]

1. d4 d5 2. Bf4 Nf6 3. e3 c5 4. c3 Nc6 5. Nd2 e6 6. Bd3 Qb6 7. Qb1 Be7 8. Ngf3
O-O 9. O-O Bd7 10. Ne5 h6 11. h3 c4 12. Bc2 Qd8 13. e4 b5 14. exd5 Nxd5 15. Bg3
a5 16. a4 b4 17. cxb4 Ndxb4 18. Ndxc4 Nxd4 19. Bh7+ Kh8 20. Qe4 Nbc2 21. Nxd7
Qxd7 22. Nb6 Qa7 23. Nxa8 Nxa1 24. Rxa1 Qxa8 25. Be5 Qxe4 26. Bxe4 Nb3 27. Rd1
Rd8 28. Rxd8+ Bxd8 29. Bc3 Nc5 30. Bc6 Kg8 31. Kf1 Kf8 32. Ke2 f6 33. b4 axb4
34. Bxb4 Bb6 35. a5 Ba7 36. Kd2 Ke7 37. Kc3 Kd8 38. Kc4 Na6 39. Bf8 Kc7 40. Bb5
Nb8 41. Bxg7 f5 42. Be5+ Kb7 43. a6+ Nxa6 44. Bxa6+ Kxa6 45. f3 Kb7 46. g4 fxg4
47. hxg4 Be3 48. Kd3 Bg5 49. Ke4 Kc6 50. f4 Be7 51. Bg7 h5 52. gxh5 Kd7 53. h6
Ke8 54. h7 Kf7 55. h8=Q Bd6 56. Be5 Bxe5 57. fxe5 Ke7 58. Qg7+ Kd8 59. Kd4 Kc8
60. Kc5 Kb8 61. Kc6 Ka8 62. Qb7# 1-0

[Event "Women's Speed Chess Q4"]
[Site "chess.com INT"]
[Date "2020.06.21"]
[Round "2"]
[White "Tarasenka, Aliaksandra"]
[Black "Turova, Irina"]
[Result "1-0"]
[WhiteTitle "WFM"]
[BlackTitle "IM"]
[WhiteElo "2070"]
[BlackElo "2381"]
[WhiteFideId "13514288"]
[BlackFideId "4120876"]
[EventDate "2020.06.21"]

1. e4 e5 2. f4 d5 3. exd5 exf4 4. Bc4 Nf6 5. Nc3 Be7 6. Nf3 O-O 7. O-O Nbd7 8.
d4 Nb6 9. Bd3 Nfxd5 10. Nxd5 Nxd5 11. c4 Ne3 12. Bxe3 fxe3 13. Qe2 Bg5 14. Nxg5
Qxg5 15. Rf3 Bg4 16. Qxe3 Qxe3+ 17. Rxe3 c6 18. Re7 Rad8 19. Rxb7 Rxd4 20. Bf1
Rd7 21. Rxd7 Bxd7 22. Rd1 Be6 23. Rd6 Rc8 24. c5 Kf8 25. Ba6 Rc7 26. a3 Ke7 27.
b4 Bb3 28. Kf2 Ba4 29. Ke3 f6 30. Kf4 Bb3 31. Bd3 Kf7 32. h4 Bd5 33. g4 g6 34.
g5 fxg5+ 35. hxg5 Kg7 36. Ke5 Re7+ 37. Kd4 Bg2 38. Rf6 Rd7+ 39. Kc3 Rd5 40. Bc4
Rxg5 41. Rf7+ Kh6 42. Rxa7 Rg3+ 43. Kb2 Be4 44. a4 g5 45. b5 cxb5 46. axb5 Rg2+
47. Kc3 g4 48. c6 g3 49. c7 Bf5 50. Be6 Bxe6 51. Ra6 Re2 52. Rxe6+ Rxe6 53. c8=Q
g2 54. Qxe6+ Kg5 55. Qe1 Kf4 56. Qg1 Kf3 57. Kd2 h5 58. Qe3+ Kg4 59. Qf2 Kh3 60.
b6 Kh2 61. b7 Kh1 62. b8=Q g1=Q 63. Qxg1+ Kxg1 64. Qg3+ Kh1 65. Qh4+ Kg2 66.
Qxh5 Kg3 67. Qe5+ Kf3 68. Qf5+ Kg2 69. Ke2 Kg3 70. Qf3+ Kh2 71. Qg4 Kh1 72. Kf2
Kh2 73. Qg2# 1-0

[Event "Women's Speed Chess Q4"]
[Site "chess.com INT"]
[Date "2020.06.21"]
[Round "2"]
[White "Ismayil, Malak"]
[Black "Zvereva, Margarita"]
[Result "1-0"]
[WhiteTitle "WCM"]
[BlackTitle "WFM"]
[WhiteElo "1997"]
[BlackElo "1929"]
[WhiteFideId "13412604"]
[BlackFideId "34177741"]
[EventDate "2020.06.21"]

1. e4 c5 2. Nf3 d6 3. d4 cxd4 4. Nxd4 Nf6 5. Nc3 a6 6. Be3 e5 7. Nb3 Be7 8. Be2
Be6 9. O-O O-O 10. f4 exf4 11. Bxf4 Nc6 12. Kh1 Ne5 13. Nd2 b5 14. a3 Rc8 15. h3
Qb6 16. Qe1 Rfd8 17. Qg3 Ng6 18. Be3 Qc7 19. Bd3 Nd7 20. Nf3 Nde5 21. Rad1 Nc4
22. Bxc4 Bxc4 23. Rfe1 Bf6 24. Bd4 Bxd4 25. Nxd4 Qe7 26. Nf5 Qe5 27. Qxe5 dxe5
28. h4 h5 29. g3 Be6 30. Ne3 Rd4 31. Kg2 Rcd8 32. Ned5 Bg4 33. Rxd4 exd4 34. Ne2
Be6 35. Nxd4 Bxd5 36. exd5 Rxd5 37. Nb3 Rd8 38. c3 Kf8 39. Nc5 Ne7 40. Nxa6 Nf5
41. Re2 g6 42. Nb4 Rd7 43. Nc2 Rd1 44. Nb4 Rb1 45. Nc6 Nd6 46. Ne5 Nc4 47. Nxc4
bxc4 48. Kf3 Kg7 49. Ke4 Kf6 50. Kd4 Rg1 51. Kxc4 Rxg3 52. Re4 Rh3 53. a4 Kf5
54. Rd4 g5 55. Rd5+ Kg4 56. hxg5 h4 57. a5 Rf3 58. a6 h3 59. Rd2 Rf5 60. b4 Rf4+
61. Kb5 Rf1 62. a7 Ra1 63. Kb6 Kg3 64. Kb7 h2 65. Rxh2 Kxh2 66. a8=Q Rxa8 67.
Kxa8 Kg3 68. b5 Kg4 69. b6 Kxg5 70. b7 f5 71. b8=Q f4 72. c4 f3 73. Qg3+ 1-0

[Event "Women's Speed Chess Q4"]
[Site "chess.com INT"]
[Date "2020.06.21"]
[Round "2"]
[White "Shuvalova, Polina"]
[Black "Filippova, Margarita"]
[Result "1-0"]
[WhiteTitle "WGM"]
[BlackTitle "WFM"]
[WhiteElo "2454"]
[BlackElo "1931"]
[WhiteFideId "24171760"]
[BlackFideId "34199680"]
[EventDate "2020.06.21"]

1. e4 Nf6 2. e5 Nd5 3. d4 d6 4. Nf3 g6 5. Be2 Bg7 6. O-O O-O 7. c4 Nb6 8. exd6
cxd6 9. Nc3 e5 10. Bg5 f6 11. Be3 Nc6 12. h3 f5 13. d5 Ne7 14. Ng5 f4 15. Bxb6
Qxb6 16. Qb3 Nf5 17. Qxb6 axb6 18. Nb5 Rd8 19. a4 h6 20. Ne4 Kf7 21. Bg4 Ke7 22.
Rfe1 Bd7 23. Bxf5 Bxf5 24. f3 Bxe4 25. Rxe4 Rdc8 26. b3 Bf8 27. Rae1 Kf6 28. Kf2
Be7 29. Rh1 g5 30. h4 Rh8 31. Ree1 Rag8 32. hxg5+ hxg5 33. Nc3 Kf5 34. Ra1 g4
35. Ne4 gxf3 36. gxf3 Bh4+ 37. Kf1 Be7 38. Rxh8 Rxh8 39. Kg2 Rg8+ 40. Kf2 Bh4+
41. Kf1 Be7 42. Ra2 Rh8 43. Kg2 Rg8+ 44. Kf2 Rh8 45. Kg2 Rg8+ 46. Kf1 Rh8 47.
Rg2 Rh1+ 48. Ke2 Rb1 49. Rg7 Bh4 50. Nxd6+ Kf6 51. Ne8+ Kf5 52. Rxb7 Rxb3 53.
Nd6+ Kf6 54. Ne4+ Kg6 55. Nd2 Rb4 56. d6 Rxa4 57. Rxb6 Kf5 58. d7 Bd8 59. Rd6
Ra2 60. Kd3 Ra3+ 61. Ke2 Ra2 62. c5 Rc2 63. c6 Rc1 64. Kd3 Kg5 65. Ne4+ Kf5 66.
Kd2 Rc4 67. Rh6 Ra4 68. Rh8 Ba5+ 69. Kc2 Rd4 70. Rf8+ Ke6 71. Re8+ Kd5 72. d8=Q+
Bxd8 73. Rxd8+ Kxc6 74. Rxd4 exd4 75. Kd3 Kd5 76. Nf2 Ke5 77. Ng4+ Kd5 78. Nf6+
Ke5 79. Nh5 Kf5 80. Kxd4 Kg5 81. Ng7 Kh4 82. Ke4 Kg3 83. Nh5+ 1-0

[Event "Women's Speed Chess Q4"]
[Site "chess.com INT"]
[Date "2020.06.21"]
[Round "2"]
[White "Balabayeva, Xeniya"]
[Black "Ambartsumova, Karina"]
[Result "1/2-1/2"]
[WhiteTitle "WFM"]
[BlackTitle "IM"]
[WhiteElo "2146"]
[BlackElo "2371"]
[WhiteFideId "13719688"]
[BlackFideId "4166299"]
[EventDate "2020.06.21"]

1. e4 c5 2. Be2 Nc6 3. f4 g6 4. Nf3 Bg7 5. O-O d6 6. d3 e6 7. c3 Nge7 8. Be3 O-O
9. Nbd2 b6 10. Qe1 f5 11. Rd1 Qd7 12. Qg3 e5 13. fxe5 dxe5 14. exf5 Nxf5 15. Qf2
Nxe3 16. Qxe3 Bb7 17. Ng5 Rae8 18. Qg3 Qe7 19. Nde4 Nd8 20. Bf3 h6 21. Nh3 g5
22. Bh5 Rxf1+ 23. Rxf1 Rf8 24. Re1 Ne6 25. Bg6 Nf4 26. Nxf4 exf4 27. Qf3 Rd8 28.
h3 Qd7 29. Rd1 Bc6 30. Qh5 Qe7 31. a3 Be8 32. Bxe8 Qxe8 33. Qxe8+ Rxe8 34. Kf2
Rd8 35. Kf3 Kf7 36. Nf2 Bf6 37. Re1 h5 38. Re4 Kg6 39. g4 fxg3 40. Kxg3 Kf5 41.
Kf3 Rg8 42. a4 Rd8 43. a5 Rg8 44. axb6 axb6 45. Ra4 Rd8 46. Ra6 Rb8 47. Ra4 Be5
48. Ne4 Rf8 49. Nf2 Ke6+ 50. Kg2 Kd5 51. Ra7 g4 52. hxg4 hxg4 53. Nxg4 Rg8 54.
Kf3 Rf8+ 55. Ke2 Bd6 56. Ne3+ Kc6 57. Rh7 Rg8 58. Rh3 Re8 59. Rf3 Kc7 60. Kd2
Kd7 61. Rf7+ Kc6 62. Rf3 Re7 63. Nc4 Kc7 64. Rf6 Bg3 65. Nxb6 Rh7 66. Nd5+ Kb7
67. b4 cxb4 68. cxb4 Rh2+ 69. Kc3 Be5+ 70. Kc4 Bxf6 71. Nxf6 Rh6 72. Ne4 Rh4 73.
Kd4 Rg4 74. Kc4 Rh4 75. Kd4 Kb6 76. Kc4 Rg4 77. Kb3 Kb5 78. Nc3+ Kc6 79. Ne4 Kd5
80. Kc3 Kc6 81. Kc4 Rh4 82. Kc3 Kb5 83. Kb3 Rh1 84. Kc3 Kc6 85. Kc4 Rc1+ 86. Kb3
Kb6 87. Nc3 Rh1 88. Kc4 Kc6 89. Ne4 Kc7 90. Kb3 Rh8 91. Kc4 Kb6 92. d4 Rc8+ 93.
Kb3 Rd8 94. Kc4 Re8 95. Nc5 Re1 96. d5 Rc1+ 97. Kd4 Rd1+ 98. Nd3 Kc7 99. Kc4 Rd2
100. Kc3 Rd1 101. Kd4 Rd2 102. Kc3 Rd1 103. Kd4 Rd2 104. Kc3 1/2-1/2

[Event "Women's Speed Chess Q4"]
[Site "chess.com INT"]
[Date "2020.06.21"]
[Round "3"]
[White "Kiran, Manisha Mohanty"]
[Black "Skuhala, Barbara"]
[Result "1-0"]
[WhiteTitle "WGM"]
[BlackTitle "WFM"]
[WhiteElo "2168"]
[BlackElo "2095"]
[WhiteFideId "5019575"]
[BlackFideId "14605465"]
[EventDate "2020.06.21"]

1. e4 c5 2. Nf3 d6 3. d4 cxd4 4. Nxd4 Nf6 5. Nc3 a6 6. Bg5 e6 7. Qe2 h6 8. Be3
Nc6 9. O-O-O Be7 10. f3 Qc7 11. g4 Ne5 12. h4 b5 13. a3 Bb7 14. Bg2 Rc8 15. Kb1
Nc4 16. Bc1 Nxa3+ 17. bxa3 Qxc3 18. Bb2 Qc4 19. Qxc4 Rxc4 20. g5 Nh5 21. Ne2 g6
22. Bxh8 1-0

[Event "Women's Speed Chess Q4"]
[Site "chess.com INT"]
[Date "2020.06.21"]
[Round "3"]
[White "Cyfka, Karina"]
[Black "Janzelj, Lara"]
[Result "1-0"]
[WhiteTitle "IM"]
[BlackTitle "WIM"]
[WhiteElo "2411"]
[BlackElo "2210"]
[WhiteFideId "1122681"]
[BlackFideId "14608391"]
[EventDate "2020.06.21"]

1. d4 d5 2. c4 dxc4 3. e3 b5 4. a4 b4 5. Bxc4 Nf6 6. Nf3 e6 7. O-O Be7 8. Nbd2
O-O 9. e4 Bb7 10. Qe2 c5 11. e5 Nd5 12. Ne4 Nd7 13. Rd1 cxd4 14. Rxd4 Qc7 15. b3
Nxe5 16. Nxe5 Qxe5 17. Bb2 Nf6 18. Bd3 Nxe4 19. Bxe4 Rab8 20. Bxh7+ 1-0

[Event "Women's Speed Chess Q4"]
[Site "chess.com INT"]
[Date "2020.06.21"]
[Round "3"]
[White "Frattini, Beatriz Maria"]
[Black "Meenakshi, Subbaraman"]
[Result "1-0"]
[WhiteTitle "WCM"]
[BlackTitle "WGM"]
[WhiteElo "1868"]
[BlackElo "2171"]
[WhiteFideId "22715002"]
[BlackFideId "5004381"]
[EventDate "2020.06.21"]

1. e4 d6 2. d4 g6 3. Nc3 Bg7 4. Be3 e5 5. Qd2 Nc6 6. Nge2 Nge7 7. O-O-O exd4 8.
Nxd4 Be6 9. f3 Qd7 10. Kb1 O-O-O 11. Nxe6 fxe6 12. Bc4 Rhe8 13. Nb5 Kb8 14. Nd4
Nxd4 15. Bxd4 Bxd4 16. Qxd4 Nc6 17. Qd2 e5 18. Rhe1 a6 19. Qc3 Nd4 20. Qb4 Qc6
21. c3 Ne6 22. Bd5 Qb5 23. Qxb5 axb5 24. Bxe6 Rxe6 25. Rd5 c6 26. Rd2 Kc7 27.
Red1 Rf8 28. Kc2 g5 29. Rh1 h5 30. h4 g4 31. fxg4 hxg4 32. h5 Rh6 33. Rh4 Rf4
34. Kd3 g3 35. Rh3 Rg4 36. Rd1 d5 37. exd5 cxd5 38. Rf1 Kd6 39. Rf7 Rg5 40. Rxb7
Rhxh5 41. Rb6+ Kc5 42. Rh6 e4+ 43. Ke3 Rxh6 44. Rxh6 Rf5 45. b4+ Kc4 46. Rc6# 1-0

[Event "Women's Speed Chess Q4"]
[Site "chess.com INT"]
[Date "2020.06.21"]
[Round "3"]
[White "Petrova, Irina"]
[Black "Munkhzul, Davaakhuu"]
[Result "0-1"]
[WhiteTitle "WIM"]
[BlackTitle "WFM"]
[WhiteElo "2087"]
[BlackElo "1991"]
[WhiteFideId "14124122"]
[BlackFideId "4902815"]
[EventDate "2020.06.21"]

1. d4 d5 2. Nc3 Nf6 3. Bg5 e6 4. e4 dxe4 5. Nxe4 Be7 6. Bxf6 Bxf6 7. Nf3 O-O 8.
c3 b6 9. Bd3 Bb7 10. Qc2 Nd7 11. h4 h6 12. Neg5 e5 13. dxe5 Nxe5 14. Nxe5 Bxe5
15. Bh7+ Kh8 16. Bg8 f5 17. Nf7+ Rxf7 18. Bxf7 Bxg2 19. Rg1 Be4 20. Qb3 Qxh4 21.
Bd5 Rd8 22. O-O-O Bf4+ 0-1